| 000 | 00517nam a2200157 a 4500 | ||
|---|---|---|---|
| 001 | 000037210 | ||
| 005 | 20200930080217.0 | ||
| 008 | 120305s1971 ag 000 0 spa d | ||
| 040 |
_aDO-SdBNP _bspa _cBNPHU |
||
| 082 |
_axxxx _bE23p |
||
| 100 | 1 |
_aEdge, Findley B. _952923 |
|
| 245 | 1 | 3 |
_aEl pueblo de Dios. ¿Que es?, ¿Que hace? / _cFindley B. Edge ; traducción Alfondo Olmedo. |
| 260 |
_aArgentina, : _bCasa bautista de publicaciones, _c1971. |
||
| 300 |
_a87 p. ; _c18 cm. |
||
| 700 | 1 |
_aOlmedo, Alfonso _etrad. _949465 |
|
| 999 |
_c36700 _d36700 |
||